[Event "40th Olympiad Open"]
[Site "Istanbul TUR"]
[Date "2012.09.01"]
[Round "5.71"]
[Board "2"]
[White "Winston Gerald, Mansfield Thomas"]
[Black "Lebrun, Piersont"]
[Result "0-1"]
[BlackTitle "CM"]
[WhiteElo "1907"]
[BlackElo "1973"]
[WhiteTeam "Sierra Leone"]
[BlackTeam "Haiti"]
[WhiteFideId "17800048"]
[BlackFideId "11900083"]
[EventDate "2012.08.28"]

1. d4 Nf6 2. c4 e6 3. Nc3 d5 4. Bg5 Nbd7 5. e3 c6 6. Nf3 Qa5 7. Bd3 dxc4 8. Bxc4
Ne4 9. Bf4 Nxc3 10. bxc3 Qxc3+ 11. Nd2 Bb4 12. Rc1 Qa3 13. O-O Qa5 14. Nf3 Be7
15. Bb3 O-O 16. Qd3 Qh5 17. e4 Nf6 18. h3 Rd8 19. Qc2 Qg6 20. Bc7 Rf8 21. Rfe1
Ne8 22. Bg3 Bd6 23. Bxd6 Nxd6 24. Qe2 h5 25. Rc5 Qh6 26. Kh1 g6 27. Kh2 Rd8 28.
g3 Bd7 29. h4 b6 30. Rcc1 Be8 31. Red1 Nb7 32. Ng5 Na5 33. Qf3 Nxb3 34. Qxb3 Qg7
35. Qc4 Qf6 36. f4 Qe7 37. Rd3 c5 38. Rcd1 Rxd4 39. Rxd4 cxd4 40. Qxd4 Rc8 41.
Rd2 b5 42. Qf2 Bc6 43. f5 exf5 44. exf5 Ba8 45. Qf1 Qe3 46. Rd7 gxf5 47. Rxf7
Rc1 48. Rf8+ Kxf8 49. Qxf5+ Ke7 50. Qh7+ Kd6 51. Nf7+ Kc5 52. Qxh5+ Bd5 53. Qf5
Rh1# 0-1

[Event "40th Olympiad Open"]
[Site "Istanbul TUR"]
[Date "2012.09.01"]
[Round "5.72"]
[Board "1"]
[White "Kahn, Tito"]
[Black "Heiba, Mohamed"]
[Result "1-0"]
[WhiteElo "2049"]
[BlackElo "1903"]
[WhiteTeam "Jersey"]
[BlackTeam "Mauritania"]
[WhiteFideId "15600084"]
[BlackFideId "19600089"]
[EventDate "2012.08.28"]

1. d4 Nf6 2. Nf3 e6 3. Bf4 c5 4. e3 Nc6 5. c3 d5 6. Bd3 a6 7. a4 Qb6 8. b3 c4 9.
Bc2 cxb3 10. Bxb3 Na5 11. Nbd2 Nxb3 12. Rb1 Bd7 13. Rxb3 Qa5 14. Rxb7 Qxa4 15.
O-O Qxd1 16. Rxd1 Bb5 17. Ne5 Nd7 18. c4 dxc4 19. Nxd7 Bxd7 20. Nxc4 Bc6 21. Rc7
Bb5 22. Nd6+ Bxd6 23. Bxd6 Bd7 24. Rb1 a5 25. Rbb7 Rd8 26. Ra7 a4 27. h4 h5 28.
Bc5 Rh6 29. Rcb7 e5 30. dxe5 Re6 31. Bb6 Rxb6 32. Rxb6 Ke7 33. f4 Ke8 34. Rd6 g6
35. Kf2 Ke7 36. g3 Ke8 37. e4 Ke7 38. Ke3 Ke8 39. f5 gxf5 40. exf5 Bxf5 41.
Rxd8+ Kxd8 42. Rxa4 Ke7 43. Kf4 Bg4 44. Ra7+ Kf8 45. Kg5 Kg7 46. Ra4 Bf3 47. Rf4
Bd1 48. Rf6 Bg4 49. Rh6 1-0

[Event "40th Olympiad Open"]
[Site "Istanbul TUR"]
[Date "2012.09.01"]
[Round "5.72"]
[Board "2"]
[White "Sidi Mbareck Mohamed"]
[Black "Jouault, Louis"]
[Result "1-0"]
[WhiteElo "1947"]
[BlackElo "1966"]
[WhiteTeam "Mauritania"]
[BlackTeam "Jersey"]
[WhiteFideId "19600186"]
[BlackFideId "15600130"]
[EventDate "2012.08.28"]

1. e4 e5 2. Nc3 Nf6 3. g3 Bc5 4. Bg2 d6 5. Nge2 Nc6 6. h3 a6 7. O-O Be6 8. d3
Qd7 9. Kh2 d5 10. exd5 Nxd5 11. Ne4 Be7 12. Ng5 O-O-O 13. Nxe6 Qxe6 14. Nc3 Nb6
15. a3 f5 16. b4 e4 17. b5 axb5 18. Nxb5 Nd4 19. Nxd4 Rxd4 20. Be3 Ra4 21. Bxb6
Qxb6 22. dxe4 fxe4 23. Qg4+ Kb8 24. Qd7 Rxa3 25. Qxe7 Rxa1 26. Rxa1 Qb2 27. Qxe4
Rf8 28. Ra4 c6 29. Rd4 Qb6 30. f4 Qc5 31. Rd7 g5 32. Qxh7 gxf4 33. Rxb7+ Ka8 34.
Rb3 fxg3+ 35. Rxg3 Qe5 36. Bxc6+ 1-0

[Event "40th Olympiad Open"]
[Site "Istanbul TUR"]
[Date "2012.09.01"]
[Round "5.72"]
[Board "3"]
[White "Wojciechowski, Paul"]
[Black "Taleb Mohamed, Ahmed"]
[Result "1-0"]
[WhiteElo "2068"]
[BlackElo "1965"]
[WhiteTeam "Jersey"]
[BlackTeam "Mauritania"]
[WhiteFideId "15600017"]
[BlackFideId "19600038"]
[EventDate "2012.08.28"]

1. e4 e5 2. Nf3 Nc6 3. d4 exd4 4. Nxd4 Bc5 5. Be3 Qf6 6. c3 Nge7 7. Bc4 Ne5 8.
Be2 d6 9. O-O O-O 10. Nd2 Bb6 11. f4 N5c6 12. Nc2 g6 13. Nc4 Bxe3+ 14. N4xe3 Qg7
15. f5 f6 16. Bc4+ Kh8 17. Nd4 g5 18. Qe2 Nxd4 19. cxd4 Bd7 20. Rac1 Bc6 21. Qd3
h5 22. h3 Be8 23. Bb3 Nc6 24. a3 a6 25. Rf2 Rc8 26. g4 h4 27. Rfc2 Bf7 28. Ba4
Be8 29. Bb3 Bf7 30. Bxf7 Qxf7 31. Nd5 Rfe8 32. b4 Red8 33. a4 Rd7 34. b5 axb5
35. axb5 Na7 36. Ra1 Nxb5 37. Qxb5 c6 38. Qd3 Re8 39. Nb6 Rde7 40. Re2 d5 41.
Rae1 dxe4 42. Rxe4 Rxe4 43. Rxe4 Rd8 44. Re6 Qc7 45. Nc4 b5 46. Nd2 c5 47. d5 c4
48. Qc3 Qg3+ 49. Qxg3 hxg3 50. d6 Kg7 51. Kg2 Kf7 52. Kxg3 Ra8 53. Re7+ Kf8 54.
Rb7 Ra3+ 55. Kf2 Rd3 56. Ke2 Rxh3 57. Rb8+ Kf7 58. d7 Rh2+ 59. Kd1 Rh3 60. d8=Q 1-0

[Event "40th Olympiad Open"]
[Site "Istanbul TUR"]
[Date "2012.09.01"]
[Round "5.72"]
[Board "4"]
[White "Boydia, Sidi"]
[Black "Mooney, Graham"]
[Result "1-0"]
[WhiteElo "2024"]
[BlackElo "1938"]
[WhiteTeam "Mauritania"]
[BlackTeam "Jersey"]
[WhiteFideId "19600100"]
[BlackFideId "15600106"]
[EventDate "2012.08.28"]

1. e4 c5 2. Nf3 d6 3. g3 g6 4. Bg2 Bg7 5. d3 Nc6 6. O-O Nf6 7. Re1 O-O 8. c3 Bg4
9. Nbd2 Rc8 10. h3 Bd7 11. Nf1 b5 12. Be3 a5 13. Qd2 c4 14. dxc4 bxc4 15. Bh6
Ne5 16. Bxg7 Kxg7 17. Nxe5 dxe5 18. g4 Qc7 19. Ng3 Rfd8 20. Qe2 Ba4 21. g5 Ne8
22. h4 Rd6 23. h5 Qd7 24. Nf1 Rd3 25. Ne3 Rd2 26. Qf3 Rxb2 27. Nd5 Nc7 28. Bh3
Ne6 29. Qg4 Rd8 30. Qh4 Rh8 31. h6+ Kf8 32. Qg3 Qd6 33. Rab1 Rxb1 34. Rxb1 Nf4
35. Nxf4 exf4 36. Qf3 f5 37. e5 Qd3 38. Qa8+ Kf7 39. Qxh8 Qxb1+ 40. Bf1 Qd1 41.
Qxh7+ Ke6 42. Qxg6+ Kxe5 43. h7 Qg4+ 44. Bg2 f3 45. h8=Q+ Kf4 46. Qd4# 1-0

[Event "40th Olympiad Open"]
[Site "Istanbul TUR"]
[Date "2012.09.01"]
[Round "5.74"]
[Board "1"]
[White "Massana, Jorge"]
[Black "Hernandez, Roberto PLW"]
[Result "1/2-1/2"]
[WhiteElo "2186"]
[BlackElo "1875"]
[WhiteTeam "Us Virgin Islands"]
[BlackTeam "Palau"]
[WhiteFideId "3100073"]
[BlackFideId "16600010"]
[EventDate "2012.08.28"]

1. e4 c5 2. Nc3 d6 3. f4 a6 4. Nf3 b5 5. d3 Nc6 6. g3 Nf6 7. Bg2 Bg4 8. h3 Bxf3
9. Bxf3 e5 10. O-O Be7 11. Bg2 O-O 12. Nd5 Kh8 13. Nxe7 Qxe7 14. Kh2 Rad8 15.
fxe5 dxe5 16. Bg5 c4 17. Qf3 cxd3 18. c3 Rd6 19. Rad1 Rfd8 20. Rf2 b4 21. Bf1
Qe6 22. Rxd3 Qxa2 23. Rfd2 Qe6 24. Bxf6 gxf6 25. Rxd6 Rxd6 26. Rxd6 Qxd6 27.
Bxa6 Na5 28. cxb4 Qxa6 29. bxa5 Kg7 30. Qc3 Qe2+ 31. Kg1 Qxe4 32. a6 Qa4 33. Qa3
Qd1+ 34. Kf2 Qd2+ 35. Kf1 Qd1+ 36. Kf2 Qd2+ 37. Kf3 f5 38. Qe3 e4+ 39. Kf4 Qd6+
40. Kxf5 Qe6+ 41. Kf4 Qxa6 42. Qc3+ f6 43. Kxe4 Qe6+ 44. Kf3 Qxh3 45. Qd4 h5 46.
b4 Qf1+ 47. Ke4 Qf2 1/2-1/2

[Event "40th Olympiad Open"]
[Site "Istanbul TUR"]
[Date "2012.09.01"]
[Round "5.74"]
[Board "4"]
[White "Manuel, Menandro"]
[Black "Smith, Michael ISV"]
[Result "1-0"]
[WhiteElo "1922"]
[BlackElo "1596"]
[WhiteTeam "Palau"]
[BlackTeam "Us Virgin Islands"]
[WhiteFideId "16600029"]
[BlackFideId "6800092"]
[EventDate "2012.08.28"]

1. d4 d5 2. c4 c6 3. e3 e6 4. Nf3 Bd6 5. Nc3 Nf6 6. c5 Bc7 7. Bd3 Nbd7 8. O-O e5
9. dxe5 Nxe5 10. Be2 Nxf3+ 11. Bxf3 O-O 12. b4 Qe7 13. Bb2 Qe5 14. g3 Qg5 15. e4
Rd8 16. exd5 Nxd5 17. Nxd5 cxd5 18. Re1 Be6 19. Qd4 Rd7 20. Rad1 Bd8 21. Re5 Qg6
22. Bh5 Qc2 23. Re2 Bf6 24. Rxc2 Bxd4 25. Bxd4 Re8 26. Bf3 Rc8 27. a4 h6 28. b5
Rdc7 29. Rdc1 b6 30. Rc3 bxc5 31. Rxc5 Rxc5 32. Rxc5 Rxc5 33. Bxc5 1-0

[Event "40th Olympiad Open"]
[Site "Istanbul TUR"]
[Date "2012.09.01"]
[Round "5.76"]
[Board "2"]
[White "Volpinari, Danilo"]
[Black "Murara, Maxence"]
[Result "1-0"]
[WhiteTitle "CM"]
[WhiteElo "2025"]
[BlackElo "1712"]
[WhiteTeam "San Marino"]
[BlackTeam "Rwanda"]
[WhiteFideId "11800054"]
[BlackFideId "16000013"]
[EventDate "2012.08.28"]

1. e4 e6 2. Nc3 d6 3. d4 a6 4. a4 Nd7 5. Nf3 Be7 6. Bc4 Ngf6 7. O-O O-O 8. Qe2
c6 9. Re1 Re8 10. e5 dxe5 11. dxe5 Nd5 12. Ne4 Qc7 13. Ng3 Nf8 14. c3 Ng6 15.
Qe4 f5 16. exf6 Bxf6 17. Bd2 Qd8 18. Bd3 Bd7 19. Nh5 e5 20. Bc2 Kh8 21. Ng3 Nde7
22. h4 Nd5 23. h5 Nf8 24. Rad1 Qc8 25. c4 Nc7 26. Bb4 Nce6 27. Nf5 Ng5 28. Nxg5
Bxf5 29. Nf7+ Kg8 30. Nh6+ gxh6 31. Qxf5 Qxf5 32. Bxf5 Rad8 33. b3 Ne6 34. Rxd8
Nxd8 35. Rd1 b6 36. Rd7 c5 37. Bd2 Bg7 38. Be4 Kh8 39. Rd6 Rf8 40. Rxb6 Rf6 41.
Rb8 Rd6 42. Be3 Bf8 43. Bd5 Rd7 44. Ra8 Kg7 45. Rxa6 Nf7 46. Rb6 Ra7 47. a5 Rxa5
48. Rb7 Kh8 49. Rxf7 Bd6 50. g3 Ra3 51. Bxh6 1-0

[Event "40th Olympiad Open"]
[Site "Istanbul TUR"]
[Date "2012.09.01"]
[Round "5.77"]
[Board "1"]
[White "Dukaczewski, Piotr"]
[Black "Dive, Russell John"]
[Result "1/2-1/2"]
[WhiteTitle "IM"]
[BlackTitle "IM"]
[WhiteElo "2228"]
[BlackElo "2334"]
[WhiteTeam "IBCA"]
[BlackTeam "New Zealand"]
[WhiteFideId "1103520"]
[BlackFideId "4300106"]
[EventDate "2012.08.28"]

1. e4 Nf6 2. e5 Nd5 3. d4 d6 4. c4 Nb6 5. exd6 exd6 6. Nc3 Be7 7. Nf3 Bg4 8. Be2
O-O 9. O-O Nc6 10. b3 a5 11. Be3 Re8 12. h3 Bh5 13. g4 Bg6 14. d5 Bf6 15. Qd2
Nb4 16. Rac1 Nd7 17. g5 Bxc3 18. Rxc3 Nc5 19. Bxc5 dxc5 20. a3 Na6 21. Re3 Rxe3
22. Qxe3 Qe8 23. Ne5 a4 24. Bd1 axb3 25. Bxb3 Nb8 26. a4 b6 27. Re1 Nd7 28. f4
Bf5 29. Qc3 Qf8 30. Kh2 Qd6 31. Qg3 Re8 32. Re3 f6 33. Nc6 Rxe3 34. Qxe3 Kf8 35.
h4 fxg5 36. hxg5 h6 37. Kg2 hxg5 38. fxg5 Kf7 39. Bd1 g6 40. Bf3 Qf8 41. Be4 Qe8
42. Kf3 Ne5+ 43. Nxe5+ Qxe5 44. Bxf5 Qxe3+ 45. Kxe3 gxf5 46. Kf3 1/2-1/2

[Event "40th Olympiad Open"]
[Site "Istanbul TUR"]
[Date "2012.09.01"]
[Round "5.77"]
[Board "2"]
[White "Croad, Nicolas"]
[Black "Grigorchuk, Sergey"]
[Result "1/2-1/2"]
[WhiteTitle "FM"]
[WhiteElo "2255"]
[BlackElo "2298"]
[WhiteTeam "New Zealand"]
[BlackTeam "IBCA"]
[WhiteFideId "4300793"]
[BlackFideId "14114879"]
[EventDate "2012.08.28"]

1. d4 Nf6 2. c4 e6 3. Nf3 b6 4. g3 Ba6 5. Nbd2 Bb7 6. Bg2 Be7 7. O-O O-O 8. Qc2
d5 9. cxd5 exd5 10. Nb3 Nbd7 11. Rd1 c5 12. dxc5 bxc5 13. Bg5 Rc8 14. Nbd2 h6
15. Bxf6 Nxf6 16. Nh4 Qb6 17. Nf5 Rfe8 18. Nxe7+ Rxe7 19. e3 Bc6 20. b3 a5 21.
Rac1 Bd7 22. e4 dxe4 23. Nxe4 Nxe4 24. Bxe4 Be6 25. Bh7+ Kh8 26. Bf5 Qc6 27.
Bxe6 Rxe6 28. Re1 Rxe1+ 29. Rxe1 a4 30. Qf5 axb3 31. axb3 c4 32. bxc4 1/2-1/2

[Event "40th Olympiad Open"]
[Site "Istanbul TUR"]
[Date "2012.09.01"]
[Round "5.77"]
[Board "3"]
[White "Mueller, Oliver"]
[Black "Steadman, Michael"]
[Result "1-0"]
[WhiteTitle "FM"]
[BlackTitle "FM"]
[WhiteElo "2265"]
[BlackElo "2237"]
[WhiteTeam "IBCA"]
[BlackTeam "New Zealand"]
[WhiteFideId "4633385"]
[BlackFideId "4300548"]
[EventDate "2012.08.28"]

1. d4 e6 2. c4 f5 3. Nf3 Nf6 4. Nc3 Bb4 5. Qb3 Qe7 6. Bg5 a5 7. a3 Bxc3+ 8. Qxc3
b6 9. g3 Bb7 10. Bg2 O-O 11. O-O a4 12. Rac1 c5 13. Rfd1 d6 14. b4 axb3 15. Qxb3
Ra6 16. Bxf6 gxf6 17. d5 exd5 18. cxd5 Bc8 19. Nh4 f4 20. gxf4 Qxe2 21. Bf1 Qg4+
22. Ng2 b5 23. Bxb5 Ra7 24. Rd3 Rg7 25. Rg3 Qh5 26. Re1 Qf7 27. Bd3 Bd7 28. Qc2
Kh8 29. Ne3 Bc8 30. Bf5 Na6 31. Bxc8 Rxc8 32. Nf5 Rxg3+ 33. hxg3 Rd8 34. Re7 Qg6
35. Qe4 c4 36. Qxc4 Qxf5 37. Qxa6 Qxd5 38. Qe2 Rb8 39. Qc2 Qh5 40. Kg2 Qd5+ 41.
Kg1 Qh5 42. Rc7 Re8 43. Rc8 Qf7 44. a4 Qe6 45. Rxe8+ Qxe8 46. Qf5 Kg7 47. a5 Qc6
48. Qd3 d5 49. a6 Qa4 50. Qe2 d4 51. Qe7+ Kg6 52. a7 d3 53. f5+ Kxf5 54. Qxh7+
Ke5 55. Qc7+ Kd5 1-0

[Event "40th Olympiad Open"]
[Site "Istanbul TUR"]
[Date "2012.09.01"]
[Round "5.77"]
[Board "4"]
[White "Garbett, Paul Anthony"]
[Black "Ross, Chris N"]
[Result "0-1"]
[WhiteTitle "IM"]
[WhiteElo "2276"]
[BlackElo "2231"]
[WhiteTeam "New Zealand"]
[BlackTeam "IBCA"]
[WhiteFideId "4300122"]
[BlackFideId "410411"]
[EventDate "2012.08.28"]

1. c4 e5 2. Nc3 Nc6 3. g3 g6 4. Bg2 Bg7 5. e3 d6 6. Nge2 Be6 7. d3 Nge7 8. Nd5
O-O 9. O-O Qd7 10. Rb1 Rae8 11. Qa4 Nd4 12. Qd1 Nxe2+ 13. Qxe2 Nc8 14. b4 c6 15.
Nc3 f5 16. b5 Nb6 17. bxc6 bxc6 18. Qc2 e4 19. dxe4 Nxc4 20. exf5 Bxf5 21. e4
Be6 22. Bf4 Na3 23. Qd2 Nxb1 24. Rxb1 Rd8 25. Rd1 Qf7 26. Be3 Rd7 27. h3 Rb8 28.
f4 Rdb7 29. Bd4 Rb2 30. Qe3 Rc2 31. Rd2 Rbb2 32. Rxc2 Rxc2 33. Bf1 Qc7 34. Bd3
Rxc3 0-1

[Event "40th Olympiad Open"]
[Site "Istanbul TUR"]
[Date "2012.09.01"]
[Round "5.78"]
[Board "1"]
[White "Obodchuk, Andrei"]
[Black "Ftacnik, Lubomir"]
[Result "1/2-1/2"]
[WhiteTitle "IM"]
[BlackTitle "GM"]
[WhiteElo "2399"]
[BlackElo "2532"]
[WhiteTeam "IPCA"]
[BlackTeam "Slovakia"]
[WhiteFideId "4114310"]
[BlackFideId "14900017"]
[EventDate "2012.08.28"]

1. Nf3 Nf6 2. c4 c5 3. g3 b6 4. Bg2 Bb7 5. O-O e6 6. Nc3 Be7 7. d4 cxd4 8. Qxd4
Nc6 9. Qf4 O-O 10. Rd1 Qb8 11. b3 Rd8 12. Qxb8 Raxb8 13. Bb2 a6 14. Rac1 Ba8 15.
Nd4 Nxd4 16. Rxd4 Bxg2 17. Kxg2 b5 18. Ne4 d5 19. cxd5 Nxd5 20. Rdd1 Rbc8 21.
Kf3 h5 22. Nc3 Nxc3 23. Rxd8+ Rxd8 24. Bxc3 Ba3 25. Ba5 Bxc1 26. Bxd8 f5 27. h3
Kf7 28. e3 Ke8 29. Ba5 Bb2 30. g4 hxg4+ 31. hxg4 Be5 1/2-1/2

[Event "40th Olympiad Open"]
[Site "Istanbul TUR"]
[Date "2012.09.01"]
[Round "5.78"]
[Board "2"]
[White "Petrik, Tomas"]
[Black "Yarmonov, Igor"]
[Result "1-0"]
[WhiteTitle "GM"]
[BlackTitle "IM"]
[WhiteElo "2529"]
[BlackElo "2333"]
[WhiteTeam "Slovakia"]
[BlackTeam "IPCA"]
[WhiteFideId "14901625"]
[BlackFideId "14114496"]
[EventDate "2012.08.28"]

1. e4 e5 2. Nf3 Nc6 3. Bb5 a6 4. Bxc6 dxc6 5. O-O f6 6. d4 exd4 7. Nxd4 c5 8.
Ne2 Qxd1 9. Rxd1 Bd7 10. Be3 O-O-O 11. Nbc3 b6 12. Rd2 Re8 13. Rad1 Bc6 14. Nf4
Nh6 15. Nfd5 Ng4 16. Bf4 Ne5 17. Ne3 Kb7 18. Ncd5 c4 19. f3 b5 20. Kf1 Bc5 21.
Nf5 Rhg8 22. Be3 Bxe3 23. Ndxe3 g6 24. Nd4 Bd7 25. Kf2 Rg7 26. g4 h5 27. gxh5
Rh8 28. Nd5 c5 29. Ne2 c3 30. Nexc3 Rxh5 31. Nxf6 Rxh2+ 32. Kg3 Rxd2 33. Rxd2
Bc6 34. Rh2 Rf7 35. Rh7 Rxh7 36. Nxh7 Kc7 37. Nf6 Nc4 38. Nd1 Kd6 39. Ng4 b4 40.
Kf4 Ke6 41. Ngf2 a5 42. Nd3 Kd6 43. b3 Na3 44. Ne3 Be8 45. Nb2 Ke6 46. Nbc4 Nxc4
47. Nxc4 a4 48. Nb2 a3 49. Nd3 Kd6 50. Kg5 c4 51. bxc4 Ba4 52. e5+ Kc7 53. Nxb4
Kb6 54. e6 Kc5 55. Nd5 Bc6 56. e7 Kxc4 57. Nf6 Kc3 58. e8=Q Bxe8 59. Nxe8 Kxc2
60. Nd6 1-0

[Event "40th Olympiad Open"]
[Site "Istanbul TUR"]
[Date "2012.09.01"]
[Round "5.78"]
[Board "4"]
[White "Pacher, Milan"]
[Black "Bernardi, Ruben"]
[Result "1-0"]
[WhiteTitle "IM"]
[WhiteElo "2442"]
[BlackElo "2121"]
[WhiteTeam "Slovakia"]
[BlackTeam "IPCA"]
[WhiteFideId "14907445"]
[BlackFideId "804428"]
[EventDate "2012.08.28"]

1. e4 c5 2. Nf3 Nc6 3. d4 cxd4 4. Nxd4 e5 5. Nb5 d6 6. N1c3 a6 7. Na3 Nf6 8. Bg5
b5 9. Bxf6 gxf6 10. Nd5 f5 11. c3 Bg7 12. exf5 Bxf5 13. Nc2 Ne7 14. Bd3 Bg6 15.
Nxe7 Qxe7 16. Ne3 e4 17. Bc2 O-O 18. h4 h6 19. Qg4 Qe6 20. Qe2 b4 21. Bb3 Qe5
22. h5 Bh7 23. O-O bxc3 24. bxc3 Kh8 25. Rfd1 f5 26. Nc4 Qe7 27. Rxd6 Rad8 28.
Rad1 Rxd6 29. Nxd6 Be5 30. Qxa6 Rf6 31. Qc8+ Rf8 32. Qc6 Bg8 33. Bxg8 Rf6 34.
Nxf5 Qf8 35. Be6 1-0

[Event "40th Olympiad Open"]
[Site "Istanbul TUR"]
[Date "2012.09.03"]
[Round "6.6"]
[Board "1"]
[White "Kurajica, Bojan"]
[Black "Wang, Hao"]
[Result "1/2-1/2"]
[WhiteTitle "GM"]
[BlackTitle "GM"]
[WhiteElo "2551"]
[BlackElo "2726"]
[WhiteTeam "Bosnia & Herzegovina"]
[BlackTeam "China"]
[WhiteFideId "14400057"]
[BlackFideId "8602883"]
[EventDate "2012.08.28"]

1. Nf3 f5 2. d4 Nf6 3. g3 g6 4. Bg2 Bg7 5. O-O O-O 6. b3 d6 7. Bb2 c6 8. Nbd2 a5
9. Ne1 Na6 10. Nd3 Nb4 11. Nxb4 axb4 12. a3 bxa3 13. Rxa3 Rxa3 14. Bxa3 Qa5 15.
Bb2 Be6 16. c4 Ra8 17. Qc2 Nd7 18. e4 Qa2 19. exf5 Bxf5 20. Qc3 Qa7 21. Ra1 Qb8
22. Rxa8 Qxa8 23. Qe3 Qa2 24. Bc3 Qc2 25. h3 h5 26. Kh2 Kf8 27. Bf1 c5 28. Be2
cxd4 29. Bxd4 Bxd4 30. Qxd4 Ne5 31. Qe3 Nc6 32. g4 hxg4 33. hxg4 Bd7 34. Ne4 Qb2
35. Kg3 Kg8 36. Ng5 Nd4 37. Bd1 Nc6 38. f4 Kg7 39. Bf3 Qf6 40. Qd2 Nd4 41. b4 b6
42. Qe3 e5 43. Ne4 Qe7 44. fxe5 dxe5 45. Nd2 Qd6 46. c5 bxc5 47. Ne4 Qe7 48.
Nxc5 Bb5 49. Bd1 Qd6 50. Kf2 Bc6 51. Nd3 e4 52. Qf4 Qd8 53. Ne5 Bd5 54. Ke3 Nb5
55. Kf2 Nc3 56. Ke1 Be6 57. Bc2 Qd4 58. Nc6 Qc4 59. Qe5+ Kh7 60. Qh2+ Kg8 61.
Qb8+ Kg7 62. Qe5+ Kh7 63. Qh2+ Kg8 64. Qb8+ Kh7 65. Qh2+ 1/2-1/2

[Event "40th Olympiad Open"]
[Site "Istanbul TUR"]
[Date "2012.09.03"]
[Round "6.21"]
[Board "3"]
[White "Banikas, Hristos"]
[Black "Mansour, Sameer"]
[Result "1-0"]
[WhiteTitle "GM"]
[BlackTitle "FM"]
[WhiteElo "2623"]
[BlackElo "2244"]
[WhiteTeam "Greece"]
[BlackTeam "Jordan"]
[WhiteFideId "4202031"]
[BlackFideId "8100144"]
[EventDate "2012.08.28"]

1. d4 Nf6 2. c4 e6 3. Nf3 Nc6 4. a3 d5 5. Nc3 a6 6. e3 Bd6 7. c5 Be7 8. Bd3 e5
9. Nxe5 Nxe5 10. dxe5 Ng4 11. Be2 Nxe5 12. Qxd5 Nd7 13. b4 c6 14. Qb3 Ne5 15.
O-O O-O 16. Bb2 Be6 17. Qc2 f5 18. Na4 Qc7 19. f4 Nd7 20. e4 Rae8 21. Bc4 Bxc4
22. Qxc4+ Kh8 23. e5 a5 24. Bd4 Rd8 25. e6 Nf6 26. Be5 b5 27. Bxc7 bxc4 28. Bxd8
Rxd8 29. Rfc1 axb4 30. axb4 Ne4 31. Rxc4 g5 32. fxg5 Bxg5 33. Rac1 Bxc1 34. Rxc1
Kg7 35. Nb6 Kf6 36. b5 cxb5 37. c6 Rg8 38. c7 Nd6 39. c8=Q Nxc8 40. Nxc8 Kxe6
41. Na7 1-0

[Event "40th Olympiad Open"]
[Site "Istanbul TUR"]
[Date "2012.09.03"]
[Round "6.23"]
[Board "3"]
[White "Novkovic, Milan"]
[Black "Gretarsson, Hjorvar Steinn"]
[Result "0-1"]
[WhiteTitle "IM"]
[BlackTitle "IM"]
[WhiteElo "2400"]
[BlackElo "2506"]
[WhiteTeam "Austria"]
[BlackTeam "Iceland"]
[WhiteFideId "1613103"]
[BlackFideId "2302241"]
[EventDate "2012.08.28"]

1. d4 d5 2. c4 c6 3. Nf3 Nf6 4. e3 Bg4 5. Qb3 Qb6 6. Ne5 Bf5 7. Nc3 e6 8. Bd3
Bxd3 9. Nxd3 Nbd7 10. O-O Qa6 11. c5 Qxd3 12. Qxb7 Rb8 13. Qxc6 Bxc5 14. dxc5
O-O 15. Qd6 Rfc8 16. Rd1 Qc4 17. e4 dxe4 18. Be3 Nxc5 19. Rd4 Qa6 20. Qxa6 Nxa6
21. Nxe4 Nd5 22. Ra4 Nab4 23. Rxa7 f5 24. Nd6 Rc6 25. Bd4 Rxd6 26. Rxg7+ Kf8 27.
Rxh7 Rdd8 28. Be5 Rbc8 29. Rd1 Nc6 30. Bc3 Nxc3 31. Rh8+ Ke7 32. Rhxd8 Nxd8 33.
bxc3 Rxc3 34. h3 Nc6 35. Rd2 Nb4 36. a4 Ra3 37. Rd4 Nd3 38. f4 Nc5 39. Rc4 Kd6
40. Rd4+ Kc6 41. Kh2 Nxa4 42. g4 Nc5 43. Rd8 Ne4 44. g5 Rf3 45. g6 Rg3 46. Rg8
Kd7 47. h4 Rg4 48. h5 Nf6 49. Rh8 Ke7 50. Kh3 Nd5 51. Rh7+ Kf8 52. Rh8+ Kg7 53.
Rh7+ Kg8 0-1

[Event "40th Olympiad Open"]
[Site "Istanbul TUR"]
[Date "2012.09.03"]
[Round "6.23"]
[Board "4"]
[White "Thorhallsson, Throstur"]
[Black "Neubauer, Martin"]
[Result "1/2-1/2"]
[WhiteTitle "GM"]
[BlackTitle "IM"]
[WhiteElo "2426"]
[BlackElo "2442"]
[WhiteTeam "Iceland"]
[BlackTeam "Austria"]
[WhiteFideId "2300109"]
[BlackFideId "1602675"]
[EventDate "2012.08.28"]

1. e4 e5 2. Nf3 Nc6 3. d4 exd4 4. Nxd4 Nf6 5. Nxc6 bxc6 6. e5 Qe7 7. Qe2 Nd5 8.
c4 Nb6 9. Nd2 a5 10. Qe4 d5 11. cxd5 cxd5 12. Bb5+ Bd7 13. Qe2 Bxb5 14. Qxb5+
Qd7 15. Qd3 Be7 16. O-O O-O 17. Nf3 Qe6 18. Bg5 c5 19. Rac1 Rfc8 20. Rc2 Bf8 21.
Bc1 h6 22. Re1 a4 23. Nh4 Qg4 24. g3 c4 25. Qf1 d4 26. Rce2 d3 27. Re4 Qd7 28.
e6 fxe6 29. Rxe6 Nd5 30. Ng6 Bb4 31. R1e5 Re8 32. Rxe8+ Rxe8 33. a3 Ba5 34. Qd1
Kh7 35. Qf3 Nf6 36. Re7 d2 37. Bxd2 Qxd2 38. Qxf6 Qe1+ 39. Kg2 Rxe7 40. Qxe7
Kxg6 41. Qd6+ Kh7 42. Qd5 c3 43. Qf5+ Kg8 44. Qc8+ Kf7 45. Qf5+ Ke7 46. Qc5+ Kf6
47. Qc6+ Qe6 48. Qf3+ Kg6 49. bxc3 Bb6 50. Qd3+ Qf5 51. Qd6+ Qf6 52. Qd3+ Qf5
53. Qd6+ Qf6 54. Qd3+ Kf7 55. Qc4+ Kf8 56. Qc8+ Bd8 57. Qd7 Be7 58. Qxa4 Qxc3
59. Qa8+ Kf7 60. Qd5+ Kf6 61. a4 Qc5 62. Qe4 Bd6 63. Qf3+ Qf5 64. Qc6 Qc5 65.
Qf3+ Ke7 66. Qb7+ Bc7 67. Qe4+ Qe5 68. Qc6 h5 69. h4 Bd6 70. Qb7+ Kf6 71. Qc6
Ke6 72. Qe8+ Kd5 73. Qb5+ Bc5 74. Qd3+ Qd4 75. Qf5+ Kc4 76. Qc2+ Kb4 77. Kg1 Bd6
78. Kg2 Qd5+ 79. Kg1 Be5 80. Qf5 Kxa4 81. Qxh5 Kb4 82. Qf5 Kc5 83. Qc8+ Kd4 84.
Qg4+ Qe4 85. Qd7+ Kc5 86. Qe7+ Kc4 87. Qe6+ Qd5 88. Qg4+ Bd4 89. Qe2+ Kc5 90.
Qe7+ Qd6 91. Qa7+ Kd5 92. Qf7+ Kc6 93. Qc4+ Kd7 94. Qf7+ Kd8 95. Qf3 Ke7 96. Kg2
Qf6 97. Qb7+ Kf8 98. Qc8+ Kf7 99. Qd7+ Kg6 100. Qe8+ Kh6 101. Qh8+ Kg6 102. Qe8+
Kh7 103. Qh5+ Qh6 104. Qd5 Bf6 105. f4 Qg6 106. Kh3 Qe8 107. Qd3+ Kh8 108. Qf5
Qe2 109. h5 Qf1+ 110. Kg4 Qd1+ 111. Kh3 Kg8 112. Qc8+ Kf7 113. Qc4+ Kf8 114.
Qc8+ Ke7 115. Qc5+ Kd7 116. Qb5+ Kd8 117. Qb8+ Ke7 118. Qc7+ Ke8 119. Qc8+ Bd8
120. Qe6+ Be7 121. Qg8+ Kd7 122. Qxg7 Qxh5+ 123. Kg2 Qe2+ 124. Kh3 Qh5+ 125. Kg2
Qe2+ 1/2-1/2